00471 a2200169 450000100060000002000180000604000220002410000220004624000230006824500180009130000080010936200090011765000350012694200070016195201160016899900170028459804 a9783794180615 cAnchieta - Pituba aHesse, Andreas D.10aSchattensturmlpor10aSchattensturm a4720 a2008 4aLiteratura juvenil em alemàƒo cBK 00104070a91.1b91.1d2023-11-21l0oLJ 028.543 H587s HES SCHp11265/PITr2023-11-21 18:27:53w2023-11-21yBK c59804d59804